| 000 | 00864nam a2200277 4500 | ||
|---|---|---|---|
| 001 | 31572 | ||
| 003 | BD-RjUL | ||
| 005 | 20211209051723.0 | ||
| 008 | 140420s1969 enka b 000 0 eng | ||
| 020 | _a0710063938 | ||
| 035 | _a(BD-RjUL)31660 | ||
| 040 |
_aDLC _cDLC _dDLC _dBD-RjUL _beng |
||
| 041 | _aeng | ||
| 082 | 0 | 0 |
_a193 _bSTU 1969 |
| 245 | 1 | 0 |
_aStudies in the philosophy of Wittgenstein / _cedited by Peter Winch. |
| 260 |
_aLondon ; _bRoutledge & K. Paul; _aNew York : _bHumanities P., _c1969. |
||
| 300 |
_a[5], 210 p. : _billus. ; _c23 cm. |
||
| 350 | _a42/- | ||
| 504 | _aBibliographical footnotes. | ||
| 600 | 1 | 0 |
_aWittgenstein, Ludwig, _d1889-1951. _996098 |
| 700 | 1 |
_aWinch, Peter. _993166 |
|
| 942 |
_2ddc _cBK |
||
| 999 |
_c31572 _d31572 |
||